<?xml version="1.0" encoding="UTF-8"?>
<record
    xmlns:xsi="http://www.w3.org/2001/XMLSchema-instance"
    xsi:schemaLocation="http://www.loc.gov/MARC21/slim http://www.loc.gov/standards/marcxml/schema/MARC21slim.xsd"
    xmlns="http://www.loc.gov/MARC21/slim">

  <leader>02510nam a2200301 a 4500</leader>
  <controlfield tag="001">000026772</controlfield>
  <controlfield tag="005">20260305073951.0</controlfield>
  <controlfield tag="008">110325s1986    dr            000 0 spa d</controlfield>
  <datafield tag="040" ind1=" " ind2=" ">
    <subfield code="a">DO-SdBNP</subfield>
    <subfield code="b">spa</subfield>
    <subfield code="c">BNPHU</subfield>
  </datafield>
  <datafield tag="082" ind1=" " ind2=" ">
    <subfield code="a">330.917293</subfield>
    <subfield code="b">F745e</subfield>
  </datafield>
  <datafield tag="110" ind1="2" ind2=" ">
    <subfield code="a">FORUM</subfield>
    <subfield code="9">8563</subfield>
  </datafield>
  <datafield tag="245" ind1="1" ind2="0">
    <subfield code="a">Estrategias de reactivaci&#xF3;n econ&#xF3;mica para la Rep&#xFA;blica Dominicana /</subfield>
    <subfield code="c">editor Frank Moya Pons.</subfield>
  </datafield>
  <datafield tag="260" ind1=" " ind2=" ">
    <subfield code="a">Santo Domingo :</subfield>
    <subfield code="b">FORUM,</subfield>
    <subfield code="c">1986.</subfield>
    <subfield code="f">Amigo del Hogar,</subfield>
  </datafield>
  <datafield tag="300" ind1=" " ind2=" ">
    <subfield code="a">235, [4] p. ;</subfield>
    <subfield code="c">23 cm.</subfield>
  </datafield>
  <datafield tag="490" ind1="1" ind2=" ">
    <subfield code="a">FORUM</subfield>
    <subfield code="v">23</subfield>
  </datafield>
  <datafield tag="504" ind1=" " ind2=" ">
    <subfield code="a">Incluye bibliograf&#xED;a y notas al pie de p&#xE1;ginas.</subfield>
  </datafield>
  <datafield tag="505" ind1="0" ind2=" ">
    <subfield code="g">Presentaci&#xF3;n --</subfield>
    <subfield code="t">Introducci&#xF3;n /</subfield>
    <subfield code="r">Frank Moya Pons --</subfield>
    <subfield code="t">Una evaluaci&#xF3;n del programa de ajuste en la Rep&#xFA;blica Dominicana /</subfield>
    <subfield code="r">Orlando Haza --</subfield>
    <subfield code="t">Las pol&#xED;ticas de ajuste en Am&#xE9;rica Latina /</subfield>
    <subfield code="r">Carlos Massad --</subfield>
    <subfield code="t">Perspectivas y retos de nuestra econom&#xED;a /</subfield>
    <subfield code="r">Hugo Giuliani Cury --</subfield>
    <subfield code="t">La conversi&#xF3;n de la deuda en inversi&#xF3;n: una posible salida /</subfield>
    <subfield code="r">Andr&#xE9;s Dauhajre, hijo --</subfield>
    <subfield code="t">Crisis, ajuste y reactivaci&#xF3;n econ&#xF3;mica /</subfield>
    <subfield code="r">Andr&#xE9;s Bianchi --</subfield>
    <subfield code="g">Debate --</subfield>
    <subfield code="t">La crisis de la deuda: un enfoque marginal /</subfield>
    <subfield code="r">Frank Marino Hern&#xE1;ndez --</subfield>
    <subfield code="t">El tratamiento de una agenda de pol&#xED;tica social para la crisis /</subfield>
    <subfield code="r">Francisco Le&#xF3;n --</subfield>
    <subfield code="g">Debate --</subfield>
    <subfield code="t">El sector industrial y la reactivaci&#xF3;n econ&#xF3;mica de la Rep&#xFA;blica Dominicana /</subfield>
    <subfield code="r">George Arzeno Brugal --</subfield>
    <subfield code="g">Debate --</subfield>
    <subfield code="t">El ambiente econ&#xF3;mico para el desarrollo de la agricultura. El caso de la Rep&#xFA;blica Dominicana /</subfield>
    <subfield code="r">Ewald Goetz --</subfield>
    <subfield code="g">Debate --</subfield>
    <subfield code="t">La reactivaci&#xF3;n econ&#xF3;mica y el reto tecnol&#xF3;gico agropecuario dominicano /</subfield>
    <subfield code="r">Luis Crouch --</subfield>
    <subfield code="g">Debate --</subfield>
    <subfield code="t">Estrategias y pol&#xED;ticas para el crecimiento del comercio exterior /</subfield>
    <subfield code="r">Roberto Salad&#xED;n --</subfield>
    <subfield code="g">Debate.</subfield>
  </datafield>
  <datafield tag="520" ind1=" " ind2=" ">
    <subfield code="a">Recoge las exposiciones que fueron presentadas en el Encuentro "Reactivaci&#xF3;n Econ&#xF3;mica para la Rep&#xFA;blica Dominicana", celebrado por FORUM, en el Hotel Santo Domingo Sur, el s&#xE1;bado 5 de julio de 1986.</subfield>
  </datafield>
  <datafield tag="590" ind1=" " ind2=" ">
    <subfield code="a">Inventariado, 2018/ YL</subfield>
  </datafield>
  <datafield tag="650" ind1=" " ind2="4">
    <subfield code="a">Crecimiento econ&#xF3;mico</subfield>
    <subfield code="x">Congresos, conferencias, etc.</subfield>
    <subfield code="9">7950</subfield>
  </datafield>
  <datafield tag="650" ind1=" " ind2="4">
    <subfield code="a">Potencial de crecimiento</subfield>
    <subfield code="y">REP&#xDA;BLICA DOMINICANA</subfield>
    <subfield code="x">Congresos, conferencias, etc.</subfield>
    <subfield code="9">7949</subfield>
  </datafield>
  <datafield tag="650" ind1=" " ind2="4">
    <subfield code="a">Desarrollo econ&#xF3;mico</subfield>
    <subfield code="z">Rep&#xFA;blica Dominicana</subfield>
    <subfield code="x">Congresos, conferencias, etc.</subfield>
    <subfield code="9">7948</subfield>
  </datafield>
  <datafield tag="651" ind1=" " ind2="4">
    <subfield code="a">Rep&#xFA;blica Dominicana</subfield>
    <subfield code="x">Condiciones Econ&#xF3;micas</subfield>
    <subfield code="x">Congresos, Conferencias, Etc.</subfield>
    <subfield code="9">8547</subfield>
  </datafield>
  <datafield tag="651" ind1=" " ind2="4">
    <subfield code="a">Rep&#xFA;blica Dominicana</subfield>
    <subfield code="x">Pol&#xED;tica Econ&#xF3;mica</subfield>
    <subfield code="x">Congresos, Conferencias, Etc.</subfield>
    <subfield code="9">12065</subfield>
  </datafield>
  <datafield tag="700" ind1="1" ind2=" ">
    <subfield code="a">Moya Pons, Frank,</subfield>
    <subfield code="d">1944-</subfield>
    <subfield code="e">ed.</subfield>
    <subfield code="9">2095</subfield>
  </datafield>
  <datafield tag="830" ind1=" " ind2="0">
    <subfield code="a">FORUM</subfield>
    <subfield code="v">23</subfield>
    <subfield code="9">7431</subfield>
  </datafield>
  <datafield tag="910" ind1=" " ind2=" ">
    <subfield code="a">Validado. Control de calidad EMS</subfield>
  </datafield>
  <datafield tag="952" ind1=" " ind2=" ">
    <subfield code="0">0</subfield>
    <subfield code="1">0</subfield>
    <subfield code="5">4</subfield>
    <subfield code="7">0</subfield>
    <subfield code="8">PD</subfield>
    <subfield code="a">PD</subfield>
    <subfield code="b">PD</subfield>
    <subfield code="c">HD</subfield>
    <subfield code="d">2011-03-25</subfield>
    <subfield code="i">LF1</subfield>
    <subfield code="l">0</subfield>
    <subfield code="o">330.917293 F745e</subfield>
    <subfield code="p">26772-10</subfield>
    <subfield code="r">2020-06-25</subfield>
    <subfield code="w">2020-06-25</subfield>
    <subfield code="y">LFPD</subfield>
    <subfield code="Z">Pr&#xE9;stamo en sala</subfield>
  </datafield>
  <datafield tag="952" ind1=" " ind2=" ">
    <subfield code="0">0</subfield>
    <subfield code="1">0</subfield>
    <subfield code="7">1</subfield>
    <subfield code="8">PD</subfield>
    <subfield code="a">PD</subfield>
    <subfield code="b">PD</subfield>
    <subfield code="c">HD</subfield>
    <subfield code="d">2012-08-05</subfield>
    <subfield code="i">LF1</subfield>
    <subfield code="l">0</subfield>
    <subfield code="o">330.917293 F745e</subfield>
    <subfield code="p">26772-20</subfield>
    <subfield code="r">2020-06-25</subfield>
    <subfield code="t">e. 2</subfield>
    <subfield code="w">2020-06-25</subfield>
    <subfield code="y">LFPD</subfield>
    <subfield code="Z">No se presta</subfield>
  </datafield>
  <datafield tag="999" ind1=" " ind2=" ">
    <subfield code="c">26264</subfield>
    <subfield code="d">26264</subfield>
  </datafield>
</record>
